|
|
|
|
| LEADER |
00000nam a22000007a 4500 |
| 008 |
210526b1997 a|||| |||| 00| | spa d |
| 999 |
|
|
|c 3922
|d 3922
|
| 020 |
|
|
|a 8475843425
|
| 090 |
|
|
|a 06.03.06
|b 2604
|
| 100 |
|
|
|9 4722
|a Apodoca, Pedro M.
|
| 245 |
1 |
0 |
|a Calidad en la universidad : orientación y evaluación /
|c Pedro Apodaca y Clemente Lobato (eds.) ; [autores] Pedro M. Apodaca, Mario de Miguel Díaz, Benito Echeverría Samanés, Héctor Grad, Julio Grao, José Manuel Hernández López, Jesús Hernández Aristu, Ángel Lázaro Martínez, Clemente Lobato, Daniel Meade, Ramón Pérez Juste, Carmen Pozo Muñoz, Sebastián Rodríguez Espinar, Josette Saulnier-Cazals, Ricardo Zúñiga.
|
| 260 |
|
|
|a Barcelona :
|b Editorial Laertes,
|c 1997
|
| 300 |
|
|
|a 270 páginas;
|b ilustraciones
|
| 490 |
|
|
|a Laertes Psicopedagogía,
|v 84
|
| 650 |
1 |
4 |
|9 8
|a EDUCACIÓN SUPERIOR
|
| 650 |
1 |
4 |
|9 11
|a CALIDAD DE LA EDUCACIÓN
|
| 650 |
1 |
4 |
|9 1483
|a ORIENTACIÓN PEDAGÓGICA
|
| 650 |
1 |
4 |
|9 308
|a EVALUACIÓN DE LA EDUCACIÓN
|
| 700 |
|
|
|9 4723
|a Miguel Díaz, Mario de
|
| 700 |
|
|
|9 4724
|a Echeverría Samanés, Benito
|
| 700 |
|
|
|9 4725
|a Grad, Héctor
|
| 700 |
|
|
|9 4726
|a Grao, Julio
|
| 700 |
|
|
|9 4727
|a Hernández López, José Manuel
|
| 700 |
|
|
|9 4728
|a Hernández Aristu, Jesús
|
| 700 |
|
|
|9 4729
|a Lázaro Martínez, Àngel
|
| 700 |
|
|
|9 4730
|a Lobato, Clemente
|
| 700 |
|
|
|9 4731
|a Meade, Daniel
|
| 700 |
|
|
|9 4732
|a Pérez Juste, Ramón
|
| 700 |
|
|
|9 4733
|a Pozo Muñoz, Carmen
|
| 700 |
|
|
|9 4734
|a Rodríguez Espinar, Sebastián
|
| 700 |
|
|
|9 4735
|a Saulnier-Cazals, Josette
|
| 700 |
1 |
|
|9 3336
|a Zúñiga, Ricardo
|
| 942 |
|
|
|i 004659
|h 06.03.06 2604
|2 z
|c 01
|